| 000 | 00452pab a2200157 454500 | ||
|---|---|---|---|
| 008 | 180718b xxu||||| |||| 00| 0 eng d | ||
| 100 | _aDiwakar Ashok | ||
| 245 | _aPhysical processes of urbanisation in Delhi | ||
| 362 | _a13(2), Jul-Dec 1993, p 1994-106 | ||
| 650 | _a Land Use, Urban -- India -- Delhi | ||
| 650 | _a Cities and Towns | ||
| 650 | _aUrbanisation -- India -- Delhi | ||
| 700 | _aQureshi M.H. | ||
| 773 | _aUrban India | ||
| 909 | _a27081 | ||
| 999 |
_c27081 _d27081 |
||